Leyes de emergencia de Alemania
-д хадгалсан:
| Үндсэн зохиолч: | |
|---|---|
| Формат: | Ном |
| Хэл сонгох: | испани |
| Хэвлэсэн: |
Buenos Aires
Librería La Facultad
1918
|
| Хэвлэл: | 2a. ed |
| Нөхцлүүд: | |
| Шошгууд: |
Шошго нэмэх
Шошго байхгүй, Энэхүү баримтыг шошголох эхний хүн болох!
|
MARC
| LEADER | 00000nam a2200000 a 4500 | ||
|---|---|---|---|
| 001 | UCR4315 | ||
| 003 | CL-VaPUC | ||
| 008 | 980307e19180000AG |||||||||||||||||spa|d | ||
| 082 | 0 | 4 | |a 349.43 |b COL |2 21 |
| 100 | 0 | |a Colombres, Eduardo L |e author |9 404210 | |
| 245 | 1 | 0 | |a Leyes de emergencia de Alemania |
| 250 | |a 2a. ed | ||
| 300 | |a 260 p | ||
| 942 | |c BK | ||
| 945 | |d 19980307 00:00:00 |a crobeson | ||
| 260 | |a Buenos Aires |b Librería La Facultad |c 1918 | ||
| 650 | 7 | |a LEGISLACION ALEMANA |2 CL-VaPUC |9 404211 | |
| 650 | 0 | |a Economía |9 255568 | |
| 650 | 0 | |a Finanzas |9 260832 | |
| 650 | 7 | |a INDUSTRIA |2 CL-VaPUC |9 315110 | |
| 650 | 0 | |a Comercio |9 255341 | |
| 650 | 0 | |a Seguridad social |9 255322 | |
| 651 | 0 | |a Alemania |9 255688 | |
| 583 | |a last modification |c 19980307 00:00:00 |k Rodrigo Vera | ||
| 999 | |c 267261 |d 267259 | ||
| 952 | |0 0 |1 0 |4 0 |6 349_430000000000000_COL_1918 |7 0 |8 X |9 299525 |a BIBDER |b BIBDER |d 2019-11-20 |i 1949519 |o 349.43 COL 1918 |p 1949519 |r 2023-01-25 |w 2019-11-20 |y BK_X |k DER | ||